<?xml version="1.0" encoding="UTF-8"?>
<record
    xmlns:xsi="http://www.w3.org/2001/XMLSchema-instance"
    xsi:schemaLocation="http://www.loc.gov/MARC21/slim http://www.loc.gov/standards/marcxml/schema/MARC21slim.xsd"
    xmlns="http://www.loc.gov/MARC21/slim">

  <leader>01621nam a2200361 i 4500</leader>
  <controlfield tag="003">EG-ScBUE</controlfield>
  <controlfield tag="005">20240226094639.0</controlfield>
  <controlfield tag="008">101123s2007    enkb   f b    001 0 mul d</controlfield>
  <datafield tag="020" ind1=" " ind2=" ">
    <subfield code="a">0954903412</subfield>
  </datafield>
  <datafield tag="040" ind1=" " ind2=" ">
    <subfield code="a">EG-ScBUE</subfield>
    <subfield code="b">ara</subfield>
    <subfield code="e">rda</subfield>
    <subfield code="c">EG-ScBUE</subfield>
    <subfield code="d">EG-ScBUE</subfield>
  </datafield>
  <datafield tag="041" ind1="0" ind2=" ">
    <subfield code="a">ara</subfield>
    <subfield code="a">eng</subfield>
    <subfield code="a">heb</subfield>
  </datafield>
  <datafield tag="043" ind1=" " ind2=" ">
    <subfield code="a">awba---</subfield>
    <subfield code="a">awgz---</subfield>
  </datafield>
  <datafield tag="082" ind1="0" ind2="4">
    <subfield code="a">912.5694</subfield>
    <subfield code="b">&#x623; &#x628; &#x648;</subfield>
    <subfield code="2">22</subfield>
  </datafield>
  <datafield tag="100" ind1="1" ind2=" ">
    <subfield code="a">&#x623;&#x628;&#x648; &#x633;&#x62A;&#x647;&#x60C; &#x633;&#x644;&#x645;&#x627;&#x646;&#x60C;</subfield>
    <subfield code="e">&#x645;&#x624;&#x644;&#x641;.</subfield>
    <subfield code="9">21264</subfield>
  </datafield>
  <datafield tag="245" ind1="1" ind2="0">
    <subfield code="a">&#x637;&#x631;&#x64A;&#x642; &#x627;&#x644;&#x639;&#x648;&#x62F;&#x629; :</subfield>
    <subfield code="b">&#x62F;&#x644;&#x64A;&#x644; &#x627;&#x644;&#x645;&#x62F;&#x646; &#x648;&#x627;&#x644;&#x642;&#x631;&#x649; &#x627;&#x644;&#x645;&#x647;&#x62C;&#x631;&#x629; &#x648;&#x627;&#x644;&#x62D;&#x627;&#x644;&#x64A;&#x629; &#x648;&#x627;&#x644;&#x623;&#x645;&#x627;&#x643;&#x646; &#x627;&#x644;&#x645;&#x642;&#x62F;&#x633;&#x629; &#x641;&#x64A; &#x641;&#x644;&#x633;&#x637;&#x64A;&#x646; /</subfield>
    <subfield code="c">&#x633;&#x644;&#x645;&#x627;&#x646; &#x623;&#x628;&#x648; &#x633;&#x62A;&#x647;.</subfield>
  </datafield>
  <datafield tag="246" ind1="3" ind2="5">
    <subfield code="a">Return journey :</subfield>
    <subfield code="b">a guide to the depopulated and present palestinian towns and villages and holy sites      </subfield>
  </datafield>
  <datafield tag="250" ind1=" " ind2=" ">
    <subfield code="a">&#x627;&#x644;&#x637;&#x628;&#x639;&#x629; &#x627;&#x644;&#x623;&#x648;&#x644;&#x649;.</subfield>
  </datafield>
  <datafield tag="264" ind1=" " ind2="1">
    <subfield code="a">&#x644;&#x646;&#x62F;&#x646; :</subfield>
    <subfield code="b">&#x647;&#x64A;&#x626;&#x629; &#x623;&#x631;&#x636; &#x641;&#x644;&#x633;&#x637;&#x64A;&#x646;&#x60C;</subfield>
    <subfield code="c">2007.</subfield>
  </datafield>
  <datafield tag="300" ind1=" " ind2=" ">
    <subfield code="a">247 &#x635;&#x641;&#x62D;&#x629; :</subfield>
    <subfield code="b">&#x62E;&#x631;&#x627;&#x626;&#x637; (&#x645;&#x644;&#x648;&#x646;&#x629;) &#x61B;</subfield>
    <subfield code="c">32 &#x633;&#x645;</subfield>
  </datafield>
  <datafield tag="336" ind1=" " ind2=" ">
    <subfield code="2">rdacontent</subfield>
    <subfield code="a">&#x646;&#x635;</subfield>
    <subfield code="b">txt</subfield>
  </datafield>
  <datafield tag="337" ind1=" " ind2=" ">
    <subfield code="a">&#x628;&#x62F;&#x648;&#x646; &#x648;&#x633;&#x64A;&#x637;</subfield>
    <subfield code="2">rdamedia</subfield>
    <subfield code="b">n</subfield>
  </datafield>
  <datafield tag="338" ind1=" " ind2=" ">
    <subfield code="a">&#x645;&#x62C;&#x644;&#x62F;</subfield>
    <subfield code="b">nc</subfield>
    <subfield code="2">rdacarrier</subfield>
  </datafield>
  <datafield tag="504" ind1=" " ind2=" ">
    <subfield code="a">&#x64A;&#x634;&#x62A;&#x645;&#x644; &#x639;&#x644;&#x649; &#x625;&#x631;&#x62C;&#x627;&#x639;&#x627;&#x62A; &#x628;&#x628;&#x644;&#x64A;&#x648;&#x62C;&#x631;&#x627;&#x641;&#x64A;&#x629; &#x648;&#x643;&#x634;&#x627;&#x641;&#x627;&#x62A;.</subfield>
  </datafield>
  <datafield tag="546" ind1=" " ind2=" ">
    <subfield code="a">&#x627;&#x644;&#x646;&#x635; &#x628;&#x627;&#x644;&#x644;&#x63A;&#x629; &#x627;&#x644;&#x639;&#x631;&#x628;&#x64A;&#x629; &#x648;&#x627;&#x644;&#x625;&#x646;&#x62C;&#x644;&#x64A;&#x632;&#x64A;&#x629; &#x648;&#x627;&#x644;&#x639;&#x628;&#x631;&#x64A;&#x629;.</subfield>
  </datafield>
  <datafield tag="650" ind1=" " ind2="7">
    <subfield code="a">&#x627;&#x644;&#x623;&#x645;&#x627;&#x643;&#x646; &#x627;&#x644;&#x645;&#x642;&#x62F;&#x633;&#x629;</subfield>
    <subfield code="z">&#x641;&#x644;&#x633;&#x637;&#x64A;&#x646;</subfield>
    <subfield code="v">&#x62E;&#x631;&#x627;&#x626;&#x637;.</subfield>
    <subfield code="2">BUEsh</subfield>
  </datafield>
  <datafield tag="650" ind1=" " ind2="7">
    <subfield code="a">&#x627;&#x644;&#x645;&#x62F;&#x646; &#x648;&#x627;&#x644;&#x642;&#x631;&#x649;</subfield>
    <subfield code="z">&#x641;&#x644;&#x633;&#x637;&#x64A;&#x646;</subfield>
    <subfield code="v">&#x62E;&#x631;&#x627;&#x626;&#x637;.</subfield>
    <subfield code="2">BUEsh</subfield>
  </datafield>
  <datafield tag="650" ind1=" " ind2="7">
    <subfield code="a">&#x627;&#x644;&#x623;&#x645;&#x627;&#x643;&#x646; &#x627;&#x644;&#x645;&#x642;&#x62F;&#x633;&#x629;</subfield>
    <subfield code="z">&#x641;&#x644;&#x633;&#x637;&#x64A;&#x646;</subfield>
    <subfield code="v">&#x623;&#x62F;&#x644;&#x629;.</subfield>
    <subfield code="2">BUEsh</subfield>
  </datafield>
  <datafield tag="650" ind1=" " ind2="7">
    <subfield code="a">&#x627;&#x644;&#x645;&#x62F;&#x646; &#x648;&#x627;&#x644;&#x642;&#x631;&#x649;</subfield>
    <subfield code="z">&#x641;&#x644;&#x633;&#x637;&#x64A;&#x646;</subfield>
    <subfield code="v">&#x623;&#x62F;&#x644;&#x629;.</subfield>
    <subfield code="2">BUEsh</subfield>
  </datafield>
  <datafield tag="651" ind1=" " ind2=" ">
    <subfield code="2">BUEsh</subfield>
  </datafield>
  <datafield tag="653" ind1=" " ind2=" ">
    <subfield code="b">GGEN</subfield>
    <subfield code="b">BUSBOL</subfield>
    <subfield code="c">September2017</subfield>
  </datafield>
  <datafield tag="655" ind1=" " ind2=" ">
    <subfield code="v">Reading book</subfield>
  </datafield>
  <datafield tag="942" ind1=" " ind2=" ">
    <subfield code="c">NB</subfield>
    <subfield code="2">ddc</subfield>
  </datafield>
  <datafield tag="999" ind1=" " ind2=" ">
    <subfield code="c">8182</subfield>
    <subfield code="d">8182</subfield>
  </datafield>
  <datafield tag="952" ind1=" " ind2=" ">
    <subfield code="0">0</subfield>
    <subfield code="1">0</subfield>
    <subfield code="2">ddc</subfield>
    <subfield code="4">0</subfield>
    <subfield code="7">0</subfield>
    <subfield code="8">Baccah</subfield>
    <subfield code="a">MAIN</subfield>
    <subfield code="b">MAIN</subfield>
    <subfield code="c">2ND</subfield>
    <subfield code="d">2010-12-16</subfield>
    <subfield code="e">Purchase</subfield>
    <subfield code="o">912.5694 &#x623; &#x628; &#x648;</subfield>
    <subfield code="p">000010083</subfield>
    <subfield code="r">2025-07-15 00:00:00</subfield>
    <subfield code="v">185.00</subfield>
    <subfield code="y">REFERENCE</subfield>
  </datafield>
</record>
